00589nam a2200169Ia 4500008004100000100002300041245010100064245002300165260005900188260000900247300001200256650001800268650001500286856002600301999001900327952007300346170221s9999 xx 000 0 und d aHatice Selen Tekin 4aThe Possibility of Being Don Quixote in the Face of Popular Postmodern Music Hatice Selen Tekin  cHatice Selen Tekin bOnline Journal of Communication and Media Technologies c2013 a33 : 14 xCommunication xMedia Arts uhttp://www.ojcmt.net/ c311130d311130 001040aCLbCLd2017-02-21l0r2017-02-21 00:00:00w2017-02-21yFOJ